Central Library OPAC University of Rajshahi

Essays in constitutional law / (Record no. 4955)

MARC details
000 -LEADER
fixed length control field 00692cam a2200229 a 4500
001 - CONTROL NUMBER
control field 4955
003 - CONTROL NUMBER IDENTIFIER
rucl marc code UkOxU
005 - DATE AND TIME OF LATEST TRANSACTION
control field 20211208234001.0
008 - FIXED-LENGTH DATA ELEMENTS--GENERAL INFORMATION
fixed length control field 131223s1964 enk 000 0 eng d
035 ## - SYSTEM CONTROL NUMBER
System control number CURL 05UL00013956(Lon) from mcbc188
040 ## - CATALOGING SOURCE
Original cataloging agency BD-RjUL
Language of cataloging eng
Transcribing agency BD-RjUL
041 ## - LANGUAGE CODE
Language code of text/sound track or separate title eng
082 ## - DEWEY DECIMAL CLASSIFICATION NUMBER
Edition number 23
Classification number 342.41
Author mark and year HEE 1972
100 1# - MAIN ENTRY--PERSONAL NAME
Personal name Heuston, R. F. V.
9 (RLIN) 13946
245 10 - TITLE STATEMENT
Title Essays in constitutional law /
Statement of responsibility, etc. by R.F.V. Heuston.
250 ## - EDITION STATEMENT
Edition statement 2nd ed.
260 ## - PUBLICATION, DISTRIBUTION, ETC. (IMPRINT)
Place of publication, distribution, etc. London :
Name of publisher, distributor, etc. Stevens,
Date of publication, distribution, etc. 1964 [Impression 1972]
300 ## - PHYSICAL DESCRIPTION
Pagination xi, 204 p. ;
Size 22 cm.
504 ## - BIBLIOGRAPHY, ETC. NOTE
Bibliography, etc Includes bibliographical references and index.
650 #0 - SUBJECT ADDED ENTRY--TOPICAL TERM
Topical term or geographic name as entry element Constitutional law
Geographic subdivision Great Britain.
9 (RLIN) 11694
942 ## - ADDED ENTRY ELEMENTS (KOHA)
Source of classification or shelving scheme Dewey Decimal Classification
Koha item type Books
Holdings
Lost status Source of classification or shelving scheme Damaged status Not for loan Collection code Permanent Location Current Location Shelving location Date acquired Source of acquisition Cost, normal purchase price Total Checkouts Full call number Date last seen Copy number Koha item type
  Dewey Decimal Classification     Non-fiction Central Library, University of Rajshahi Central Library, University of Rajshahi   13/07/1968 Zitlinger 27.60   342.41 HEE 1972 23/12/2013 C-2 Books
  Dewey Decimal Classification   Not For Loan Non-fiction Central Library, University of Rajshahi Central Library, University of Rajshahi Reading Room 03/01/1975 Zitlinger 220.00   342.41 HEE 1972 06/01/2014 C-1 Books
  Dewey Decimal Classification     Non-fiction Central Library, University of Rajshahi Central Library, University of Rajshahi   13/07/1968 Zeitlinger 27.60   342.41 HEE 1964 27/07/2016 C-3 Books